Don't leave our towns in limbo (Record no. 69699)
[ view plain ]
| 000 -LEADER | |
|---|---|
| fixed length control field | 01109cam a2200229 4500 |
| 001 - CONTROL NUMBER | |
| control field | WB3809-27 |
| 008 - FIXED-LENGTH DATA ELEMENTS--GENERAL INFORMATION | |
| fixed length control field | 020305n2002 000 0 eng u |
| 035 ## - SYSTEM CONTROL NUMBER | |
| System control number | (Sirsi) u117009 |
| 245 ## - TITLE STATEMENT | |
| Title | Don't leave our towns in limbo |
| 260 ## - PUBLICATION, DISTRIBUTION, ETC. | |
| Date of publication, distribution, etc. | 2002 |
| 490 ## - SERIES STATEMENT | |
| Series statement | RICS Press Release |
| Volume/sequential designation | (pr032) 5 March 2002 (2) |
| 520 ## - SUMMARY, ETC. | |
| Summary, etc. | RICS told the House of Commons Select Committee on Urban Affairs on 5 March that UK government urban regeneration initiatives are falling down at delivery stage. Government is investigating the need for a European Regeneration Framework to help fund the regeneration of run-down parts of towns and cities across Europe that would not be possible without public money. For further information call Joanna Sumner RICS senior policy officer, t +44 (0)20 7695 1542 Press Release http://www.rics.org/ricscms/bin/show?class=PressRelease&template=/includes/showpr.html&id=685 |
| 590 ## - LOCAL NOTE (RLIN) | |
| Local note | WB |
| 650 ## - SUBJECT ADDED ENTRY--TOPICAL TERM | |
| Topical term or geographic name entry element | URBAN REGENERATION |
| 650 ## - SUBJECT ADDED ENTRY--TOPICAL TERM | |
| Topical term or geographic name entry element | EUROPEAN UNION |
| 650 ## - SUBJECT ADDED ENTRY--TOPICAL TERM | |
| Topical term or geographic name entry element | GAP FUNDING |
| 650 ## - SUBJECT ADDED ENTRY--TOPICAL TERM | |
| Topical term or geographic name entry element | RICS |
| 650 ## - SUBJECT ADDED ENTRY--TOPICAL TERM | |
| Topical term or geographic name entry element | PUBLIC MONEY |
| 650 ## - SUBJECT ADDED ENTRY--TOPICAL TERM | |
| Topical term or geographic name entry element | EUROPE |
| 690 ## - LOCAL SUBJECT ADDED ENTRY--TOPICAL TERM (OCLC, RLIN) | |
| Topical term or geographic name as entry element | REGENERATION |
| 942 ## - ADDED ENTRY ELEMENTS (KOHA) | |
| Suppress in OPAC | 0 |
| Withdrawn status | Lost status | Source of classification or shelving scheme | Damaged status | Not for loan | Home library | Current library | Shelving location | Date acquired | Total Checkouts | Full call number | Barcode | Date last seen | Copy number | Price effective from | Koha item type |
|---|---|---|---|---|---|---|---|---|---|---|---|---|---|---|---|
| Dewey Decimal Classification | London | London | News article | 05/03/2002 | WB3809-27 | 117009-1001 | 06/08/2019 | 1 | 06/08/2019 | News article |